000 00653nam a2200277Ia 4500
005 20260324150509.0
008 008 260324s9999 xx 000 0 eng d
020 _a9781315007632
037 _aEBOOK
040 _aCRL
040 _beng
040 _cCRL
041 _2eng
041 _aeng
084 _qCRL
100 _aM. Penelope Hall; Ismene V Howes
_91226622
245 0 _aChurch & Social Work Ils 181
260 _bTaylor and Francis
260 _c1965
365 _a
365 _b99.99
856 _uhttp://www.taylorfrancis.com/books/9781315007632
942 _cEBOOK
999 _c1836166
_d1836166